"Ex umbra ad lucem proveheret"
| Titel: | "Ex umbra ad lucem proveheret" : Treści i idee oliwskiego ołtarza Trójcy Świętej |
|---|---|
| Verfasser: | |
| In: |
Album amicorum, (2008), Seite 61-96 alle Artikel anzeigen |
| Veröffentlicht: | 2008 |
| Format: | Aufsatz |
| Sprache: | Polnisch |
X
alg: 39431324 001A $01999:12-11-16 001B $01999:29-05-21 $t17:48:21.000 001D $01999:12-11-16 001U $0utf8 001X $00 002@ $0Aox 003@ $0394313240 007A $0394313240 $aHEB 007T $0Herdkk00042367 010@ $apol 011@ $a2008 021A $a"Ex umbra ad lucem proveheret" $dTreści i idee oliwskiego ołtarza Trójcy Świętej 028A $aJakubowska $dBogna 031A $h61-96 $j2008 039B $aIn $8--Aau--. Album amicorum. - Toruń : Wydawnictwo Naukowe Uniwersytetu Mikołaja Kopernika, 2008. - 407 S.. - Ill.. - ISBN 83-231-2205-9 $x200800000000000939 $9366207512 045F $a709.438 $eDDC23BSB 045F/01 $a709 045F/03 $g438 045F/03 $g4382 045F/03 $g43832 lok: 39431324 78 exp: 39431324 78 1 #EPN 201B/01 $012-10-18 $t22:46:01.000 201U/01 $0utf8 203@/01 $0790423766 208@/01 $a12-11-16 $be 209A/01 $a/ $f000 $x00 220C/01 $aHerkunft: PBB/IH PAN 244Z/01 $2Trx $#Poola $#Lenkija $#Polija $#Polen Land $#Poland $#Lengyelország $#Poľsko $#Polsko $8--Trx--Polska$gkraj $x01 $9391345966 244Z/01 $2Trx $#Prusy Wschodnie i Zachodnie $8--Trx--Ost- und Westpreußen $x02 $939113373X 244Z/01 $#Danzig-Oliwa $#Oliva $#Danzig-Oliva $#Gdańsk-Oliwa $74070212-1 $8--Tg1--Oliwa $x03 $9085197513 244Z/01 $2Trx $#altarid $#altoriai $#Altars $#oltárok $#ołtarze $#oltáre $#oltáře $8--Trx--Altäre $x04 $939135812X 244Z/01 $2Trx $8--Trx--Einzelbeiträge $x05 $9391384570 245Z/01 $a11.10 $x01 247C/01 $82080>Marburg/Lahn, Herder-Institut, Forschungsbibliothek, Bibliographieportal $9336309341
| LEADER | 00000caa a22000002c 4500 | ||
|---|---|---|---|
| 001 | 394313240 | ||
| 003 | DE-603 | ||
| 005 | 20210529174821.0 | ||
| 007 | tu | ||
| 008 | 161112s2008 xx |||| | u00||u|pol c | ||
| 035 | |a (DE-599)HEB394313240 | ||
| 040 | |a DE-603 |b ger |c DE-603 |d DE-603 | ||
| 041 | |a pol | ||
| 082 | 0 | 4 | |8 1\u |a 709.438 |q DE-101 |2 23/BSB |
| 085 | |8 1\u |b 709 | ||
| 085 | |8 1\u |z 2 |s 438 | ||
| 085 | |8 1\u |z 2 |s 4382 | ||
| 085 | |8 1\u |z 2 |s 43832 | ||
| 100 | 1 | |a Jakubowska, Bogna | |
| 245 | 0 | 0 | |a "Ex umbra ad lucem proveheret" |b Treści i idee oliwskiego ołtarza Trójcy Świętej |
| 264 | 0 | |c 2008 | |
| 773 | 0 | 8 | |i In |t Album amicorum |d Toruń : Wydawnictwo Naukowe Uniwersytetu Mikołaja Kopernika, 2008 |h 407 S., Ill. |z 8323122059 |z 9788323122050 |g (2008), Seite 61-96 |w (DE-603)366207512 |
| 924 | 0 | |9 2080 |a (DE-603)790423766 |b DE-2080 |c HES |d d |g / | |


